00519nam a2200193 a 4500001001300000003000900013005001700022008004100039020002500080082001700105100001900122245004300141260004400184300000900228500003500237505001000272650002400282700001900306nice12345678IN_TiNIC20260116014112.0050524s2002 newa grp 000 0 eng  a1929223 c717.600a291.172bSMO aSmoch, David R aInterfaith Dialogue and Peace Building aNew YorkbWashington Square Pressc2002 a150p aincludes index and biblioraphy2 aIndex aInterfaith Dialogue1 aSmoch, David R